France : les chefs-lieux des départements ? - Statistiques

Statistiques générales
  • Ce quiz a été pris 362 fois
  • Le résultat moyen est 70 sur 101
Statistiques - réponses
Département Chefs-lieux % Correct
2A Corse du Sud Ajaccio
96%
2B Haute-Corse Bastia
92%
13 Bouches du Rhône Marseille
92%
33 Gironde Bordeaux
91%
21 Côte d'or Dijon
91%
34 Herault Montpellier
91%
6 Alpes-Maritimes Nice
91%
14 Calvados Caen
90%
59 Nord Lille
89%
44 Loire Atlantique Nantes
88%
75 Paris Paris
88%
67 Bas-Rhin Strasbourg
87%
17 Charente Maritime La Rochelle
86%
69 Rhône Lyon
86%
35 Ille et Vilaine Rennes
85%
31 Haute-Garonne Toulouse
85%
38 Isère Grenoble
84%
90 Territoire de Belfort Belfort
82%
29 Finistère Quimper
82%
1 Ain Bourg-en-Bresse
81%
63 Puy de Dôme Clermont-Ferrand
80%
30 Gard Nîmes
79%
66 Pyrénées Orientale Perpignan
79%
10 Aube Troyes
79%
74 Haute-Savoie Annecy
78%
68 Haut-Rhin Colmar
78%
25 Doubs Besançon
77%
11 Aude Carcassonne
77%
64 Pyrénées Atlantiques Pau
77%
83 Var Toulon
77%
5 Haute-Alpes Gap
76%
54 Meurthe et Moselle Nancy
76%
57 Moselle Metz
75%
42 Loire Saint-Etienne
75%
19 Corrèze Tulle
75%
56 Morbihan Vannes
75%
2 Aisne Laon
74%
76 Seine Maritime Rouen
74%
8 Ardennes Charleville-Mézières
72%
26 Drome Valence
72%
18 Cher Bourges
71%
73 Savoie Chambéry
71%
7 Ardèche Privas
71%
974 La Réunion Saint-Denis
71%
50 Manche Saint-Lô
71%
80 Somme Amiens
70%
9 Ariège Foix
70%
45 Loiret Orléans
70%
84 Vaucluse Avignon
69%
973 Guyanne Cayenne
69%
53 Mayenne Laval
69%
58 Nièvre Nevers
69%
12 Aveyron Rodez
69%
22 Côtes d'Armor Saint Brieuc
69%
78 Yvelines Versailles
69%
62 Pas de Calais Arras
68%
37 Indre et Loire Tours
68%
49 Maine et Loire Angers
67%
15 Cantal Aurillac
67%
88 Vosges Epinal
67%
40 Landes Mont de Marsan
67%
60 Oise Beauvais
66%
972 Martinique Fort de France
66%
85 Vendée La Roche-sur-Yon
66%
3 Allier Moulins
66%
24 Dordogne Périgueux
66%
16 Charente Angoulême
64%
89 Yonne Auxerre
64%
79 Deux-Sèvres Niort
64%
36 Indre Châteauroux
63%
27 Eure Evreux
63%
23 Creuse Guéret
63%
87 Haute-Vienne Limoges
63%
86 Vienne Poitiers
63%
48 Lozère Mende
62%
4 Alpes de Haute-Provence Digne-les-Bains
60%
39 Jura Lons le saunier
60%
28 Eure et Loir Chartres
59%
61 Orne Alençon
58%
41 Loir et Cher Blois
58%
72 Sarthe Le Mans
58%
43 Haute-Loire Le puy en velay
58%
77 Seine et Marne Melun
58%
81 Tarn Albi
57%
32 Gers Auch
57%
65 Hauts-Pyrénées Tarbes
57%
971 Guadeloupe Basse-Terre
55%
46 Lot Cahors
54%
91 Essonne Evry
54%
47 Lot et Garonne Agen
53%
51 Marne Châlons en Champagne
53%
71 Saône et Loire Mâcon
53%
92 Hauts de Seine Nanterre
53%
93 Seine Saint-Denis Bobigny
51%
976 Mayotte Mamoudzou
50%
95 Val d'oise Pontoise
50%
52 Haute-Marne Chaumont
49%
82 Tarn et Garonne Montauban
48%
70 Haute-Saône Vesoul
48%
94 Val de Marne Créteil
47%
55 Meuse Bar le Duc
46%
Aucun quiz correspondant
Distribution des résultats
% des personnes avec chaque résultat
Percentile par nombre de réponses
Votre historique - résultats
Vous n’avez pas pris ce quiz